[Event "ROM-ch U14"]
[White "Udroiu, Matei Alexandru"]
[Black "Lider, Vasile"]
[Site "Calimanesti Caciulata"]
[Round "9"]
[Result "1-0"]
[Date "2016.04.25"]
[WhiteElo "1001"]
[BlackElo "1001"]
[PlyCount "41"]
[EventDate "2016.04.18"]
[EventType "swiss"]
[EventRounds "9"]
[EventCountry "ROU"]
[SourceTitle "CBM 172 Extra"]
[Source "ChessBase"]
[SourceDate "2016.06.21"]
[SourceVersion "1"]
[SourceVersionDate "2016.06.21"]
[SourceQuality "1"]

1. e4 e5 2. Nf3 Nf6 3. Nc3 Nc6 4. Bc4 h6 5. d4 d6 6. d5 Nd4 7. Nxd4 exd4 8. Qxd4 b6 9. Bb5+ Bd7 10. Bxd7+ Kxd7 11. Qa4+ Kc8 12. Qc6 Kb8 13. b3 Qe7 14. 0-0 Nxe4 15. Re1 g6 16. Rxe4 Qd8 17. Re8 Qxe8 18. Qxe8+ Kb7 19. Qc6+ Kb8 20. Nb5 Bg7 21. Qxc7# 1-0